000 00561nam a2200193Ia 4500
005 20250326143049.0
008 250326s9999 xx 000 0 und d
037 _aTextbook
040 _aFMSL
_beng
_cFMSL
041 _aeng
_2eng
084 _aX:8ogD658(2:55) L7
_qFMSL
100 _aMurdick R G
245 0 _aInformation systems for modern management
_cMurdick R G; Ross J E
250 _a2
260 _aNew Delhi
_bNew Delhi, Prentice-Hall
_c1977
300 _a687p
942 _cTB
_hX:8ogD658(2:55) L7
999 _c1297949
_d1297949